[Event "Druzynowe Mistrzostwa Polski II Liga"]
[Site "Szklarska Poreba"]
[Date "1899-12-30"]
[Round "8.64"]
[White "Kwiatkowski, Wiktor"]
[Black "Fudalej, Grzegorz"]
[Result "1/2-1/2"]
[WhiteTitle "I"]
[BlackTitle "k"]
[WhiteElo "1933"]
[BlackElo "2121"]

1. e4 c6 2. d4 d5 3. f3 dxe4 4. fxe4 e5 5. Nf3 exd4 6. Bc4 Qa5+ 7. c3 Be7 8. O-O
dxc3 9. Kh1 Nf6 10. Qb3 Qh5 11. Nxc3 O-O 12. Bf4 b5 13. Bd3 Nbd7 14. e5 Ng4 15.
Ne2 Nc5 16. Qc2 Nxd3 17. Qxd3 Qf5 18. Qc3 c5 19. h3 b4 20. Qe1 Nh6 21. Bxh6 gxh6
22. Qd2 Bg5 23. Nxg5 Qxg5 24. Qd5 Ba6 25. Rae1 Rae8 26. Qxc5 Rxe5 27. Qf2 f6 28.
Rg1 Qd2 29. Qg3+ Rg5 30. Qb3+ Kh8 31. Ng3 Bb7 32. Ne4 Rxg2 33. Nxd2 Rxd2+ 34.
Rg2 Rxg2 35. Re7 Ba8 36. Rxa7 Rfg8 37. Rxa8 Rg1+ 38. Kh2 R1g2+ 39. Kh1 Rf8 1/2-1/2

[Event "Druzynowe Mistrzostwa Polski II Liga"]
[Site "Szklarska Poreba"]
[Date "1899-12-30"]
[Round "8.65"]
[White "Maciol, Ryszard"]
[Black "Matlewski, Adam"]
[Result "1-0"]
[WhiteTitle "k"]
[BlackTitle "I"]
[WhiteElo "2134"]
[BlackElo "1825"]

1. d4 Nf6 2. c4 e6 3. Nc3 Bb4 4. e3 b6 5. Nge2 Bb7 6. a3 Be7 7. Ng3 d5 8. cxd5
exd5 9. Nf5 O-O 10. Bd3 g6 11. Nxe7+ Qxe7 12. b4 Ne4 13. Bb2 f5 14. O-O Nd7 15.
Rc1 c6 16. Qe2 Rae8 17. b5 c5 18. dxc5 Ndxc5 19. Bb1 h6 20. Rcd1 Nxc3 21. Bxc3
Kh7 22. Rd4 Ne6 23. Ra4 d4 24. Bb4 Nf4 25. Qc2 Nh3+ 26. Kh1 Bxg2+ 27. Kxg2 Qg5+
28. Kh1 Qg4 29. f3 Qh4 30. Rxa7+ Kh8 31. Qc7 1-0

[Event "Druzynowe Mistrzostwa Polski II Liga"]
[Site "Szklarska Poreba"]
[Date "1899-12-30"]
[Round "8.66"]
[White "Pastuszko, Kinga"]
[Black "Ryng, Malgorzata"]
[Result "1-0"]
[WhiteTitle "k+"]
[BlackTitle "m"]
[WhiteElo "1971"]
[BlackElo "2045"]

1. e4 c5 2. Nf3 Nc6 3. d4 cxd4 4. Nxd4 Nf6 5. Nc3 d6 6. Bg5 Qb6 7. Nb3 e6 8. Bxf6
gxf6 9. Qd2 Bd7 10. O-O-O a6 11. f4 Qc7 12. Kb1 b5 13. a3 Rb8 14. Be2 b4 15. axb4
Nxb4 16. e5 d5 17. exf6 Bd6 18. g3 a5 19. f5 Be5 20. fxe6 Bxe6 21. Bb5+ Rxb5 22.
Nxb5 Qc4 23. Rhe1 Qxb5 24. Rxe5 Kd7 25. Qe2 Qxe2 26. Rxe2 Kd6 27. Nxa5 Bg4 28.
Rdd2 Ra8 29. Nc4+ Kc5 30. Ne5 Be6 31. Nd3+ Nxd3 32. Rxd3 Ra6 33. Rde3 d4 34. Rxe6
fxe6 35. f7 Ra8 36. Rxe6 Rf8 37. Rf6 Kd5 38. g4 1-0

[Event "Druzynowe Mistrzostwa Polski II Liga"]
[Site "Szklarska Poreba"]
[Date "1899-12-30"]
[Round "8.67"]
[White "Steczek, Marcin"]
[Black "Brzezinski, Mateusz"]
[Result "1-0"]
[WhiteTitle "FM"]
[BlackTitle "k"]
[WhiteElo "2390"]
[BlackElo "2119"]

1. Nf3 c5 2. g3 Nc6 3. Bg2 g6 4. O-O Bg7 5. d3 Nf6 6. c4 O-O 7. Nc3 a6 8. a3 Rb8
9. Rb1 b5 10. cxb5 axb5 11. b4 cxb4 12. axb4 d6 13. Bd2 Bd7 14. Qb3 Qb6 15. Be3
Qb7 16. Nd4 Nxd4 17. Bxd4 Bc6 18. Bxc6 Qxc6 19. Bxf6 Bxf6 20. Nd5 Rfc8 21. Nxf6+
exf6 22. Qb2 Qc3 23. Qxc3 Rxc3 24. Rfc1 Rbc8 25. Rxc3 Rxc3 26. Ra1 Rb3 27. Ra6
Rxb4 28. Rxd6 f5 29. Kg2 Rb1 30. Rb6 b4 31. h4 h5 32. Kf3 Kf8 33. Kf4 Rb2 34.
Ke3 Ke7 35. f3 Kd7 36. d4 Ke7 37. d5 b3 38. Kd3 Rb1 39. Kc3 Rd1 40. e4 fxe4 41.
fxe4 Rc1+ 42. Kd4 Rd1+ 43. Ke3 Rb1 44. Kd2 Rb2+ 45. Kc3 Re2 46. Kd3 Rg2 47. e5
b2 48. Rb7+ Ke8 49. Kd4 Rxg3 50. Rxb2 Ra3 51. Rb8+ Kd7 52. Rb7+ Ke8 53. Kc5 Ra5+
54. Kc6 Ra6+ 55. Kc7 Ra8 56. d6 Rd8 57. Kc6 Ra8 58. Re7+ Kf8 59. Kb7 Ra5 60. Kb6
Ra8 61. Rc7 Ke8 62. Rb7 Rd8 63. Re7+ Kf8 64. Kb7 g5 65. hxg5 h4 66. g6 fxg6 67.
Rh7 Kg8 68. Rxh4 Kf7 69. Rh7+ Ke6 70. Re7+ Kd5 71. d7 Rxd7+ 72. Rxd7+ Kxe5 73.
Rg7 Kf6 74. Rg8 g5 75. Kc6 Kf5 76. Kd5 g4 77. Rf8+ 1-0

[Event "Druzynowe Mistrzostwa Polski II Liga"]
[Site "Szklarska Poreba"]
[Date "1899-12-30"]
[Round "8.68"]
[White "Kujawski, Adam"]
[Black "Smagalski, Slawomir"]
[Result "1-0"]
[WhiteTitle "k"]
[BlackTitle "I+"]
[WhiteElo "2245"]
[BlackElo "1908"]

1. e4 e5 2. Nf3 Nc6 3. Bb5 a6 4. Ba4 Nf6 5. O-O Be7 6. Re1 b5 7. Bb3 O-O 8. c3
d5 9. exd5 Nxd5 10. Nxe5 Nxe5 11. Rxe5 Nf6 12. h3 Bd6 13. Re1 Ng4 14. Qf3 Qh4
15. d4 Nxf2 16. Re2 Bg4 17. hxg4 Bg3 18. Rxf2 Qh2+ 19. Kf1 Qh1+ 20. Ke2 Bxf2 21.
Bd2 Bh4 22. Kd3 Rad8 23. Kc2 Rd6 24. a4 Rf6 25. Qh3 Qxh3 26. gxh3 h6 27. axb5
axb5 28. Ra7 c6 29. Rb7 Rc8 30. d5 cxd5 31. Bxd5 Rc5 32. Rb8+ Kh7 33. Be4+ g6
34. Be3 Re5 35. Nd2 Bf2 36. Bd4 Bxd4 37. cxd4 Re7 38. Rxb5 Rf2 39. Re5 Rd7 40.
Kd3 Rh2 41. b4 Rxh3+ 42. Bf3 Kg7 43. b5 f5 44. gxf5 g5 45. Re3 Ra7 46. Nc4 Rc7
47. b6 Rc8 48. b7 Rb8 49. Ne5 Rxf3 50. Rxf3 Rxb7 51. f6+ Kf8 52. Ke4 Rb4 53. f7
Rb7 54. Ng6+ Kg7 55. f8=Q+ Kxg6 56. Rf6+ Kh5 57. Rxh6+ 1-0

[Event "Druzynowe Mistrzostwa Polski II Liga"]
[Site "Szklarska Poreba"]
[Date "1899-12-30"]
[Round "8.69"]
[White "Zakoscielna, Kinga"]
[Black "Gralka, Przemyslaw"]
[Result "1/2-1/2"]
[WhiteTitle "WFM"]
[BlackTitle "k"]
[WhiteElo "2070"]
[BlackElo "2221"]

1. e4 c6 2. Nc3 d5 3. Nf3 Bg4 4. h3 Bxf3 5. Qxf3 e6 6. exd5 cxd5 7. b3 Nc6 8. Bb2
Nf6 9. O-O-O a6 10. Kb1 Qc7 11. g4 O-O-O 12. g5 Ne8 13. Ne2 Nd6 14. Nd4 Nxd4 15.
Bxd4 Nf5 16. Bb2 h6 17. Bd3 Nh4 18. Qg4 hxg5 19. Qxg5 f6 20. Qg4 Qd7 21. f4 Rh6
22. Rde1 f5 23. Qe2 Bd6 24. Rhg1 Rg8 25. Qe3 Qc7 26. Ref1 Bc5 27. Bd4 Bxd4 28.
Qxd4 Rg6 29. c4 Rd8 30. Rxg6 Nxg6 31. Qe3 Qd6 32. cxd5 Ne7 33. Qa7 Nxd5 34. Rc1+
Nc7 35. Rc3 b5 36. a4 Qxd3+ 37. Rxd3 Rxd3 38. Kc2 Rxh3 39. axb5 axb5 40. Qg1 Rf3
41. Qh2 Kd7 42. Qg2 Rxf4 43. Qxg7+ Kd6 44. Qf8+ Kc6 45. Qh6 Re4 46. d3 Re2+ 47.
Kc3 Nd5+ 48. Kd4 f4 49. Qg6 Kd6 50. Qh6 Kc6 51. Qg6 Kd6 52. Qh6 Ne7 53. Qf8 e5+
54. Kc3 Kd7 55. Qf7 Re3 56. Kd2 b4 57. d4 exd4 58. Qxf4 Nc6 59. Qf5+ Kd6 60. Qf6+
Kc5 61. Qf5+ Kb6 62. Qd5 Rc3 63. Qe6 Re3 64. Qd5 Re7 65. Qd6 Re8 66. Qd5 Rd8 67.
Qe6 d3 68. Qe3+ Rd4 69. Qe6 Kc5 70. Qf5+ Rd5 71. Qf8+ Rd6 72. Qf5+ Kb6 73. Qf2+
Kc7 74. Qf7+ Rd7 75. Qf4+ Kb7 76. Qf5 Rd8 77. Qf7+ Kb6 78. Qf2+ Rd4 79. Qf6 Rd5
80. Qf2+ Kb5 81. Qf7 Kc5 1/2-1/2

[Event "Druzynowe Mistrzostwa Polski II Liga"]
[Site "Szklarska Poreba"]
[Date "1899-12-30"]
[Round "8.70"]
[White "Mazalon, Mariusz"]
[Black "Walaszczyk, Witold"]
[Result "1/2-1/2"]
[WhiteTitle "k"]
[BlackTitle "k"]
[WhiteElo "2066"]
[BlackElo "2136"]

1. d4 d5 2. c4 c6 3. Nf3 Nf6 4. Qc2 g6 5. Bf4 Bg7 6. e3 O-O 7. Nc3 h6 8. cxd5 cxd5
9. Bd3 Nc6 10. a3 Nh5 11. Bg3 Be6 12. O-O Nxg3 13. hxg3 Rc8 14. b4 a6 15. Qb3
Bg4 16. Be2 e5 17. dxe5 Nxe5 18. Rac1 Bxf3 19. gxf3 d4 20. exd4 Nc6 21. Ne4 Nxd4
22. Qa2 Qe7 23. Kg2 Kh8 24. Bc4 f5 25. Nc5 b6 26. Ne6 Nxe6 27. Bxe6 Rxc1 28. Rxc1
Rd8 29. Rc8 Rxc8 30. Bxc8 a5 31. bxa5 bxa5 32. a4 h5 1/2-1/2

[Event "Druzynowe Mistrzostwa Polski II Liga"]
[Site "Szklarska Poreba"]
[Date "1899-12-30"]
[Round "8.71"]
[White "Swiatnicki, Andrzej"]
[Black "Stoppel, Mariusz"]
[Result "0-1"]
[WhiteTitle "k"]
[BlackTitle "I+"]
[WhiteElo "2028"]
[BlackElo "2027"]

1. e4 c5 2. c3 d5 3. exd5 Qxd5 4. d4 Nf6 5. Nf3 a6 6. Be2 g6 7. O-O Bg7 8. Ne5
O-O 9. Bf3 Qd8 10. dxc5 Nbd7 11. Nxd7 Nxd7 12. c6 bxc6 13. Bxc6 Rb8 14. Bxd7 Bxd7
15. Nd2 Qc7 16. Re1 e5 17. Qe2 Bb5 18. c4 Bc6 19. b3 e4 20. Rb1 f5 21. Bb2 Rbe8
22. Bxg7 Qxg7 23. b4 f4 24. b5 Ba8 25. a4 e3 26. Nf3 g5 27. c5 g4 28. Qc4+ Kh8
29. Nd4 exf2+ 30. Kf1 0-1

[Event "Druzynowe Mistrzostwa Polski II Liga"]
[Site "Szklarska Poreba"]
[Date "1899-12-30"]
[Round "8.72"]
[White "Mackiewicz, Anna"]
[Black "Bukowska, Katarzyna"]
[Result "0-1"]
[WhiteTitle "k+"]
[BlackTitle "k++"]
[WhiteElo "1945"]
[BlackElo "1912"]

1. d4 d5 2. Bf4 Nf6 3. e3 c5 4. c3 Nc6 5. Nd2 Qb6 6. Qb3 c4 7. Qc2 Bg4 8. b3 cxb3
9. axb3 e6 10. Bd3 Be7 11. Ngf3 O-O 12. Ne5 Bh5 13. h4 Rfc8 14. Qb2 Nxe5 15. dxe5
Nd7 16. Nb1 Nc5 17. Bc2 Qb5 18. f3 Bg6 19. Na3 Qb6 20. b4 a5 21. b5 Nd3+ 22. Bxd3
Bxd3 23. Kd2 Bc4 24. Nxc4 Rxc4 25. h5 Rac8 26. Rhc1 Rxf4 27. Qa2 Rfc4 28. Qxa5
Qxa5 29. Rxa5 Bc5 30. Rca1 h6 31. Ra8 Bb6 32. R1a3 Kh7 33. Rxc8 Rxc8 34. g4 Rc5
35. Rb3 g6 36. f4 Rc4 37. Rb1 Re4 38. Re1 Ra4 39. Re2 Ra2+ 40. Kd3 Rxe2 41. Kxe2
Kg7 42. Kd3 f5 43. gxf5 exf5 44. hxg6 Kxg6 45. c4 dxc4+ 46. Kxc4 Bxe3 47. Kd5
Bxf4 48. e6 Kf6 49. b6 h5 0-1

[Event "Druzynowe Mistrzostwa Polski II Liga"]
[Site "Szklarska Poreba"]
[Date "1899-12-30"]
[Round "8.73"]
[White "Nowicki, Bartosz"]
[Black "Krzywda, Andrzej"]
[Result "1-0"]
[WhiteTitle "k++"]
[BlackTitle "k"]
[WhiteElo "2261"]
[BlackElo "2186"]

1. e4 c5 2. Nf3 d6 3. d4 cxd4 4. Nxd4 Nf6 5. Nc3 a6 6. Bg5 Nbd7 7. f4 Qc7 8. Qf3
h6 9. Bxf6 Nxf6 10. f5 b5 11. O-O-O g5 12. fxg6 fxg6 13. e5 dxe5 14. Ndxb5 axb5
15. Qxa8 Kf7 16. Nxb5 Qc5 17. Qa7 Qc6 18. Qc7 Qa8 19. Nd6+ Kg7 20. Nxc8 Qxa2 21.
Qa7 1-0

[Event "Druzynowe Mistrzostwa Polski II Liga"]
[Site "Szklarska Poreba"]
[Date "1899-12-30"]
[Round "8.74"]
[White "Sztwiertnia, Jan Krzysztof"]
[Black "Parol, Pawel"]
[Result "1/2-1/2"]
[WhiteTitle "k"]
[BlackTitle "k"]
[WhiteElo "2105"]
[BlackElo "2086"]

1. e4 e6 2. d4 d5 3. exd5 exd5 4. Nf3 Nc6 5. Bd3 Bg4 6. c3 Bd6 7. O-O Nge7 8. Re1
Qd7 9. Bg5 O-O-O 10. Bh4 Rde8 11. Nbd2 Nf5 12. Bg3 Nxg3 13. fxg3 Ne7 14. Qe2 Bf5
15. Nb3 f6 16. a4 Bxd3 17. Qxd3 Qf5 18. Qd2 Nc6 19. Nh4 Qh5 20. Qf2 Qf7 21. Nf5
g6 22. Nxd6+ cxd6 23. g4 Kd7 24. h3 Rxe1+ 25. Rxe1 h5 26. Qf3 hxg4 27. Qxg4+ f5
28. Qe2 g5 29. Qb5 Kc8 30. Qe2 Kd7 31. Nc1 Re8 32. Qxe8+ Qxe8 33. Rxe8 Kxe8 34.
Kf2 Ne7 35. g3 Ng6 36. Nd3 Kd7 37. Ke3 b6 38. Nb4 Ke6 39. Nd3 Kd7 1/2-1/2

[Event "Druzynowe Mistrzostwa Polski II Liga"]
[Site "Szklarska Poreba"]
[Date "1899-12-30"]
[Round "8.75"]
[White "Suliborski, Jakub"]
[Black "Malecki, Rafal"]
[Result "0-1"]
[WhiteTitle "I++"]
[BlackTitle "k+"]
[WhiteElo "2090"]
[BlackElo "2006"]

1. d4 Nf6 2. c4 g6 3. Nc3 Bg7 4. e4 d6 5. h3 O-O 6. Nf3 Nbd7 7. Bg5 h6 8. Be3 e5
9. d5 a5 10. Qc2 b6 11. g4 Nc5 12. O-O-O Ne8 13. Nh2 f5 14. f3 f4 15. Bf2 Bf6
16. Bd3 Bh4 17. Bg1 Bd7 18. b3 Nf6 19. Nf1 Nh7 20. Nd2 Ng5 21. Be2 Kg7 22. a3
Rh8 23. Kb2 h5 24. Nf1 hxg4 25. hxg4 Be1 26. Rxh8 Bxc3+ 27. Qxc3 Qxh8 28. Qe1
Qh1 29. Nd2 Qg2 30. Qf1 Qxf1 31. Rxf1 Rh8 32. b4 axb4 33. axb4 Na4+ 34. Kc2 Rh1
35. Bf2 Rh2 36. Bd1 Nh3 37. Be1 b5 38. Kb3 bxc4+ 39. Nxc4 Bb5 40. Bc3 Nb6 41.
Nxb6 Bxf1 42. Na8 Nf2 43. Bc2 Nd3 44. Nxc7 Nc1+ 45. Kb2 Bd3 0-1

[Event "Druzynowe Mistrzostwa Polski II Liga"]
[Site "Szklarska Poreba"]
[Date "1899-12-30"]
[Round "8.76"]
[White "Szajda, Marcin"]
[Black "Rykala, Monika"]
[Result "1-0"]
[WhiteTitle "I++"]
[BlackTitle "I++"]
[WhiteElo "2016"]
[BlackElo "1863"]

1. e4 c5 2. Nf3 d6 3. d4 cxd4 4. Nxd4 e5 5. Nf3 Nf6 6. Nc3 Be6 7. h3 a6 8. Ng5
b5 9. Nxe6 fxe6 10. Be3 Nbd7 11. Be2 b4 12. Na4 Nxe4 13. Bf3 Nef6 14. Bxa8 Qxa8
15. O-O Be7 16. Nb6 Nxb6 17. Bxb6 Qc6 18. Be3 O-O 19. Qd3 Nd5 20. a3 a5 21. axb4
axb4 22. Rfc1 h6 23. Ra6 Qc8 24. Re1 e4 25. Qe2 Nxe3 26. fxe3 d5 27. Rf1 Rd8 28.
Raa1 Bf6 29. Rab1 Bg5 30. Rbe1 Qc5 31. Kh1 Rc8 32. Qg4 Rc6 33. h4 Bxe3 34. Qg6
e5 35. Qe8+ Kh7 36. Rf8 Qxf8 37. Qxf8 Rf6 38. Qxb4 1-0

[Event "Druzynowe Mistrzostwa Polski II Liga"]
[Site "Szklarska Poreba"]
[Date "1899-12-30"]
[Round "8.77"]
[White "Zychowicz, Marcin"]
[Black "Gwozdzik, Zbigniew"]
[Result "0-1"]
[WhiteTitle "II+"]
[BlackTitle "I"]
[WhiteElo "1857"]
[BlackElo "1878"]

1. e4 Nf6 2. e5 Nd5 3. d4 d6 4. Nf3 dxe5 5. Nxe5 c6 6. c4 Nb4 7. Nd3 Nxd3+ 8. Qxd3
g6 9. Be3 Bg7 10. Be2 O-O 11. Nc3 Bf5 12. Qd2 Na6 13. Bf3 Qc7 14. O-O Rad8 15.
Rac1 Rfe8 16. Rfd1 Qc8 17. d5 Bg4 18. Qe2 Bxf3 19. Qxf3 cxd5 20. cxd5 b6 21. Qe2
Qb7 22. Bg5 Bxc3 23. Rxc3 Rxd5 24. Rxd5 Qxd5 25. h4 Nc5 26. Qb5 Qd1+ 27. Kh2 Qd6+
28. g3 Rd8 29. Be3 Ne4 30. Ra3 Qd7 31. Qa6 Nf6 32. Qxa7 Ng4+ 33. Kg1 Qc6 34. Qxb6
Rd1# 0-1

[Event "Druzynowe Mistrzostwa Polski II Liga"]
[Site "Szklarska Poreba"]
[Date "1899-12-30"]
[Round "8.78"]
[White "Chmiel, Dominika"]
[Black "Parol, Pola"]
[Result "1/2-1/2"]
[WhiteTitle "m"]
[BlackTitle "k+"]
[WhiteElo "2123"]
[BlackElo "1968"]

1. e4 c5 2. Nf3 Nc6 3. d4 cxd4 4. Nxd4 g6 5. Nc3 Bg7 6. Be3 Nf6 7. Bc4 O-O 8. Qd2
d6 9. f3 Nxd4 10. Bxd4 Be6 11. Bb3 Qa5 12. O-O-O b5 13. Kb1 Bxb3 14. cxb3 Rfc8
15. Bxf6 Bxf6 16. Nd5 Qxd2 17. Nxf6+ Kg7 18. Nh5+ gxh5 19. Rxd2 Rc5 20. Rhd1 b4
21. Rd4 a5 22. Rc4 Rg5 23. Rd2 f6 24. g3 Kf7 25. Rc7 Ra6 26. Rb7 Rc6 27. f4 Rgc5
28. Rd1 Rc2 29. e5 dxe5 30. fxe5 Rxh2 31. exf6 Rxf6 32. Re1 Kg6 33. Rbxe7 Rff2
34. R7e6+ Kg7 35. Re7+ Kg6 36. R7e6+ Kg5 37. R6e5+ Kg4 38. Rxa5 Kxg3 39. Rg1+
Kf4 40. Ra4 Rxb2+ 41. Ka1 Kf3 42. Rxb4 Rxa2+ 43. Kb1 Rhb2+ 44. Kc1 Ra1+ 45. Kxb2
Rxg1 46. Rb7 h4 47. Rxh7 Kg3 48. Kc3 h3 49. Rg7+ Kf2 50. Rf7+ Kg2 51. Rg7+ Kh1
52. Rh7 h2 53. Kd4 Kg2 54. b4 h1=Q 55. Rxh1 Rxh1 56. Kc5 Kf3 57. b5 Ke4 58. b6
Rh5+ 59. Kc6 Rh6+ 60. Kc5 Rh8 61. b7 Ke5 62. Kc6 Kd4 63. Kc7 Kc5 64. b8=Q Rh7+
65. Kc8 Rh8+ 1/2-1/2

[Event "Druzynowe Mistrzostwa Polski II Liga"]
[Site "Szklarska Poreba"]
[Date "1899-12-30"]
[Round "8.79"]
[White "Daniluk, Jerzy"]
[Black "Stysiak, Szymon"]
[Result "0-1"]
[WhiteTitle "k"]
[BlackTitle "k"]
[WhiteElo "2088"]
[BlackElo "2191"]

1. Nf3 Nf6 2. b3 c5 3. Bb2 Nc6 4. c4 e6 5. g3 d5 6. cxd5 exd5 7. Bg2 Be7 8. O-O
O-O 9. d4 b6 10. Nc3 Bb7 11. Rc1 Re8 12. Qc2 cxd4 13. Nb5 Ne4 14. Nbxd4 Rc8 15.
Qb1 Nxd4 16. Bxd4 Ba3 17. Bb2 Qe7 18. Bh3 Rxc1 19. Rxc1 Bc5 20. Rxc5 bxc5 21.
Qd3 d4 22. b4 Nf6 23. Bf1 Be4 24. Qc4 d3 25. Nd2 dxe2 26. Qxe2 cxb4 27. Bxf6 gxf6
28. Nxe4 Qxe4 29. Qa6 Qd4 30. Be2 Kg7 31. Bf3 Re5 32. Kg2 f5 33. Qc8 a5 34. Qc1
h6 35. Qc7 Rc5 36. Qb6 Qe5 37. Qb7 Rc2 38. Bd5 Qc7 39. Qa8 Qc5 0-1

[Event "Druzynowe Mistrzostwa Polski II Liga"]
[Site "Szklarska Poreba"]
[Date "1899-12-30"]
[Round "8.80"]
[White "Kaminski, Piotr"]
[Black "Lisowski, Krzysztof"]
[Result "0-1"]
[WhiteTitle "k"]
[BlackTitle "k"]
[WhiteElo "2129"]
[BlackElo "2043"]

1. d4 d5 2. c4 c6 3. Nf3 Nf6 4. Qc2 e6 5. g3 b6 6. Bg2 Ba6 7. Ne5 Nfd7 8. cxd5
cxd5 9. Nd3 Bb7 10. Nc3 Nc6 11. e3 Be7 12. O-O O-O 13. a3 Rc8 14. Rd1 Qc7 15.
Bd2 Na5 16. b3 Ba6 17. Be1 Nc6 18. Qb2 Bf6 19. Rac1 Qd6 20. Nf4 Be7 21. b4 Bc4
22. Ne4 Qb8 23. Nd2 b5 24. h4 Nb6 25. Nf3 g6 26. Bh3 a5 27. Kg2 Na4 28. Qb1 Qd6
29. Ng5 axb4 30. axb4 Nxb4 31. Nxh7 Kxh7 32. Bxe6 Ba2 33. Bxb4 Bxb1 34. Bxd6 Rxc1
35. Rxc1 Be4+ 36. f3 Bxd6 37. Bxd5 Bxf4 38. gxf4 Bxd5 39. e4 Bc4 40. h5 gxh5 41.
f5 Rd8 42. d5 Kg7 43. Kg3 Nb2 44. Rh1 Nd3 45. Rxh5 b4 46. Rg5+ Kf6 47. f4 b3 48.
e5+ Nxe5 49. Kg4 0-1

[Event "Druzynowe Mistrzostwa Polski II Liga"]
[Site "Szklarska Poreba"]
[Date "1899-12-30"]
[Round "8.81"]
[White "Migala, Andrzej"]
[Black "Szmyd, Arkadiusz"]
[Result "1/2-1/2"]
[WhiteTitle "I++"]
[BlackTitle "k"]
[WhiteElo "2021"]
[BlackElo "2136"]

1. e4 Nf6 2. e5 Nd5 3. d4 d6 4. Nf3 Bg4 5. Be2 e6 6. O-O Nc6 7. c4 Nb6 8. exd6
cxd6 9. d5 exd5 10. cxd5 Bxf3 11. gxf3 Ne5 12. Bb5+ Nbd7 13. f4 Ng6 14. Re1+ Ne7
15. Nc3 a6 16. Ba4 b5 17. Ne4 Nf6 18. Bb3 Nxe4 19. Rxe4 f5 20. Re6 Kf7 21. Qd3
g6 22. Qe2 Bg7 23. a4 Qd7 24. a5 Rhc8 25. Bd2 Ng8 26. Bb4 Bf8 27. Re1 Nf6 28.
f3 Nh5 29. Qe3 Rd8 30. Bc3 Re8 31. Bb4 Red8 32. Bc3 Re8 33. Bb4 1/2-1/2

[Event "Druzynowe Mistrzostwa Polski II Liga"]
[Site "Szklarska Poreba"]
[Date "1899-12-30"]
[Round "8.82"]
[White "Knopik, Krzysztof"]
[Black "Jedra, Waldemar"]
[Result "1/2-1/2"]
[WhiteTitle "k"]
[BlackTitle "I"]
[WhiteElo "2098"]
[BlackElo "2020"]

1. e4 c6 2. c4 d5 3. exd5 cxd5 4. cxd5 Nf6 5. Nc3 Nxd5 6. Nf3 e6 7. Qb3 Nf6 8.
d4 Nc6 9. Be3 Be7 10. Be2 O-O 11. O-O Na5 12. Qc2 b6 13. a3 Bb7 14. b4 Nc6 15.
Rfd1 Rc8 16. Rac1 Qd6 17. Qd2 Rfd8 18. h3 Nd5 19. Nxd5 Qxd5 20. Qe1 Nb8 21. Rc3
Rxc3 22. Qxc3 Rc8 23. Qb2 Bf6 24. Ne1 Qd7 25. a4 Nc6 26. Nf3 Qd6 27. b5 Ne7 28.
Bg5 Bxg5 29. Nxg5 Qf4 30. Bf3 Bxf3 31. Nxf3 Nd5 32. Ne5 Qg5 33. Nc6 Nf4 34. g3
Nd5 35. Nxa7 Rc3 36. Kh2 h5 37. h4 Qf5 38. Rd2 Qf3 39. Nc6 Nf6 40. Ne5 Ng4+ 41.
Nxg4 hxg4 42. Kg1 Rb3 43. Qc2 Rc3 44. Qb2 Rb3 45. Qc2 Rc3 46. Qb2 1/2-1/2

[Event "Druzynowe Mistrzostwa Polski II Liga"]
[Site "Szklarska Poreba"]
[Date "1899-12-30"]
[Round "8.83"]
[White "Kupryjaniuk, Tomasz"]
[Black "Boruta, Dawid"]
[Result "0-1"]
[WhiteTitle "I"]
[BlackTitle "I"]
[WhiteElo "1844"]
[BlackElo "1893"]

1. e4 d5 2. exd5 Qxd5 3. Nc3 Qd6 4. d4 Nf6 5. Nf3 a6 6. g3 Bg4 7. h3 Bh5 8. Bg2
Nc6 9. Bf4 Qb4 10. O-O O-O-O 11. a3 Qc4 12. g4 Bg6 13. Be3 Qe6 14. Re1 Qd6 15.
Qe2 e6 16. Rad1 Nd5 17. Nxd5 exd5 18. c4 f6 19. b4 Be4 20. c5 Qd7 21. Nh4 Bxg2
22. Kxg2 Na7 23. Ra1 Qa4 24. g5 Qd7 25. a4 Be7 26. Nf3 fxg5 27. Ne5 Qf5 28. b5
a5 29. b6 Nc6 30. Nxc6 bxc6 31. Qa6+ Kd7 32. Qb7 Rc8 33. Bd2 Rhf8 34. f4 gxf4
35. Re5 Qg6+ 36. Kh2 Qg3+ 37. Kh1 f3 38. Rxe7+ Kxe7 39. Bg5+ 0-1

[Event "Druzynowe Mistrzostwa Polski II Liga"]
[Site "Szklarska Poreba"]
[Date "1899-12-30"]
[Round "8.84"]
[White "Gonsior, Monika"]
[Black "Wierzbowska, Aleksandra"]
[Result "1-0"]
[WhiteTitle "m"]
[BlackTitle "I+"]
[WhiteElo "1974"]
[BlackElo "1694"]

1. e4 c5 2. Nf3 Nc6 3. d4 cxd4 4. Nxd4 e5 5. Nxc6 bxc6 6. c4 Nf6 7. Nc3 Bb4 8.
Bd3 O-O 9. Bg5 d6 10. O-O h6 11. Bh4 Bc5 12. Kh1 Rb8 13. Rb1 Bd4 14. Qc2 g5 15.
Bg3 Nh5 16. Ne2 Nxg3+ 17. Nxg3 Qf6 18. b4 Qg6 19. Nf5 Bxf5 20. exf5 Qf6 21. Be4
Rfc8 22. Qb3 Qd8 23. Qf3 Rb6 24. f6 Kh8 25. Qf5 Qg8 26. Rb3 g4 27. Rg3 1-0

[Event "Druzynowe Mistrzostwa Polski II Liga"]
[Site "Szklarska Poreba"]
[Date "1899-12-30"]
[Round "8.85"]
[White "Karwowski, Kacper"]
[Black "Maciejewski, Waldemar"]
[Result "1-0"]
[WhiteTitle "k"]
[BlackTitle "k"]
[WhiteElo "2238"]
[BlackElo "2107"]

1. e4 c5 2. Nf3 Nc6 3. c3 d5 4. exd5 Qxd5 5. d4 cxd4 6. cxd4 e6 7. Nc3 Bb4 8. Be2
Nf6 9. O-O Qa5 10. Qb3 O-O 11. Rd1 Rd8 12. Bg5 Be7 13. Bxf6 Bxf6 14. d5 Nb4 15.
Bc4 Bxc3 16. dxe6 Bf6 17. Rxd8+ Bxd8 18. Re1 Kf8 19. exf7 Bd7 20. Ne5 Ba4 21.
Qh3 Nd5 22. Re2 Nf4 23. Qa3+ Be7 24. Nd7+ Bxd7 25. Qxe7# Bc8 26. Qe3 1-0

[Event "Druzynowe Mistrzostwa Polski II Liga"]
[Site "Szklarska Poreba"]
[Date "1899-12-30"]
[Round "8.86"]
[White "Koszkul, Wojciech"]
[Black "Sapis, Witalis"]
[Result "1/2-1/2"]
[WhiteTitle "I++"]
[BlackTitle "IM"]
[WhiteElo "2058"]
[BlackElo "2388"]

1. d4 Nf6 2. c4 g6 3. Nc3 Bg7 4. Nf3 O-O 5. e4 d6 6. Be2 c5 7. d5 e6 8. O-O Re8
9. Re1 exd5 10. exd5 Na6 11. Bf4 Ne4 12. Bd3 Nxc3 13. Rxe8+ Qxe8 14. bxc3 Qd8
15. Qd2 Nc7 16. Re1 Bg4 17. Ng5 Ne8 18. Ne4 Bf5 19. h3 Bxe4 20. Rxe4 Nf6 21. Re2
Qd7 22. Bg5 Re8 23. Rxe8+ Nxe8 24. Bf4 Qe7 25. Bc2 Be5 26. Qe3 Kf8 27. Bh6+ Bg7
28. Qxe7+ Kxe7 29. Bg5+ Bf6 30. Bd2 Nc7 31. Bf4 Bg7 1/2-1/2

[Event "Druzynowe Mistrzostwa Polski II Liga"]
[Site "Szklarska Poreba"]
[Date "1899-12-30"]
[Round "8.87"]
[White "Rudnicki, Milosz"]
[Black "Lipien, Wieslaw"]
[Result "1-0"]
[WhiteTitle "k"]
[BlackTitle "I++"]
[WhiteElo "2164"]
[BlackElo "2030"]

1. e4 c5 2. Nf3 d6 3. d4 cxd4 4. Nxd4 Nf6 5. Nc3 a6 6. h3 e5 7. Nde2 Be7 8. g4
h6 9. Bg2 Nc6 10. Ng3 g6 11. Be3 Be6 12. Nd5 Bxd5 13. exd5 Na5 14. b3 b5 15. Qd2
h5 16. O-O-O h4 17. Ne4 Qc7 18. g5 Nxe4 19. Bxe4 O-O-O 20. Rhg1 Kb8 21. Rg4 Rc8
22. Kb2 Ka8 23. Qe1 Rb8 24. Bd2 Nb7 25. b4 Rbc8 26. Bd3 Rhf8 27. c3 f5 28. gxf6
Bxf6 29. Re4 Qd7 30. Qe3 Bd8 31. Ra1 Rf5 32. Rg4 Qf7 33. a4 Rf3 34. Bxg6 Qxd5
35. Qe2 Rf4 36. Bxf4 exf4 37. Rxf4 Qc6 38. Qf3 d5 39. axb5 Qxb5 40. Bd3 Rc4 41.
Bxc4 dxc4 42. Rf7 a5 43. Rd1 1-0

[Event "Druzynowe Mistrzostwa Polski II Liga"]
[Site "Szklarska Poreba"]
[Date "1899-12-30"]
[Round "8.88"]
[White "Kmiecik, Wojciech"]
[Black "Gosciniak, Tomasz"]
[Result "0-1"]
[WhiteTitle "I+"]
[BlackTitle "I"]
[WhiteElo "1984"]
[BlackElo "1924"]

1. d4 d5 2. Nf3 Nf6 3. c4 dxc4 4. e3 c5 5. Bxc4 Nc6 6. O-O e6 7. Nc3 Be7 8. a3
O-O 9. dxc5 Bxc5 10. Qe2 a6 11. b4 Be7 12. Bb2 b5 13. Bd3 Bd6 14. Ne4 e5 15. Nxf6+
Qxf6 16. Qc2 Bb7 17. Bxh7+ Kh8 18. Be4 Rac8 19. Qe2 Qh6 20. Bxc6 Bxc6 21. e4 f5
22. Nxe5 Bxe4 23. Rac1 Bxe5 24. Bxe5 Rxc1 25. Bxg7+ Kxg7 26. Qb2+ Kg6 27. Rxc1
Rh8 28. f3 Qe3+ 29. Kh1 Qh6 30. Kg1 Qxh2+ 31. Kf2 Bxf3 32. Kxf3 Rh3+ 33. Kf2 Qf4+
34. Ke2 Qe3+ 35. Kd1 Qd3+ 36. Ke1 Qe4+ 37. Kf2 Qe3+ 0-1